Une étude pilote : soins de support par auriculothérapie en oncologie (notice n° 1845695)

détails MARC
000 -LEADER
fixed length control field 01609cam a2200337 4500500
005 - DATE AND TIME OF LATEST TRANSACTION
control field 20260329005709.0
041 ## - LANGUAGE CODE
Language code of text/sound track or separate title fre
042 ## - AUTHENTICATION CODE
Authentication code dc
100 10 - MAIN ENTRY--PERSONAL NAME
Personal name Rouxeville, Yves
Relator term author
245 00 - TITLE STATEMENT
Title Une étude pilote : soins de support par auriculothérapie en oncologie
260 ## - PUBLICATION, DISTRIBUTION, ETC.
Date of publication, distribution, etc. 2019.<br/>
500 ## - GENERAL NOTE
General note 58
520 ## - SUMMARY, ETC.
Summary, etc. En complément d’un traitement par chimiothérapie anticancéreuse, une petite série de malades a reçu des soins par auriculothérapie. Les points ont été détectés par la douleur ressentie à la pression digitale ; le traitement a consisté en la pose d’aiguilles.Dans un nombre de cas, l’anxiété et les troubles du sommeil ont été rapidement améliorés. Dans quelques cas, un effet bénéfique a été ressenti sur la douleur générale. En termes de qualité de vie, l’auriculothérapie semble apporter un bénéfice à certains malades.
690 ## - LOCAL SUBJECT ADDED ENTRY--TOPICAL TERM (OCLC, RLIN)
Topical term or geographic name as entry element Anti-cancer chemotherapy
690 ## - LOCAL SUBJECT ADDED ENTRY--TOPICAL TERM (OCLC, RLIN)
Topical term or geographic name as entry element Anxiété
690 ## - LOCAL SUBJECT ADDED ENTRY--TOPICAL TERM (OCLC, RLIN)
Topical term or geographic name as entry element Anxiety
690 ## - LOCAL SUBJECT ADDED ENTRY--TOPICAL TERM (OCLC, RLIN)
Topical term or geographic name as entry element Auriculothérapie
690 ## - LOCAL SUBJECT ADDED ENTRY--TOPICAL TERM (OCLC, RLIN)
Topical term or geographic name as entry element Auriculotherapy
690 ## - LOCAL SUBJECT ADDED ENTRY--TOPICAL TERM (OCLC, RLIN)
Topical term or geographic name as entry element Chimiothérapie anticancéreuse
690 ## - LOCAL SUBJECT ADDED ENTRY--TOPICAL TERM (OCLC, RLIN)
Topical term or geographic name as entry element Painful interdigital pressure
690 ## - LOCAL SUBJECT ADDED ENTRY--TOPICAL TERM (OCLC, RLIN)
Topical term or geographic name as entry element Pression interdigitale douloureuse
690 ## - LOCAL SUBJECT ADDED ENTRY--TOPICAL TERM (OCLC, RLIN)
Topical term or geographic name as entry element Sleep disturbances
690 ## - LOCAL SUBJECT ADDED ENTRY--TOPICAL TERM (OCLC, RLIN)
Topical term or geographic name as entry element Soins de support
690 ## - LOCAL SUBJECT ADDED ENTRY--TOPICAL TERM (OCLC, RLIN)
Topical term or geographic name as entry element Supportive care
690 ## - LOCAL SUBJECT ADDED ENTRY--TOPICAL TERM (OCLC, RLIN)
Topical term or geographic name as entry element Troubles du sommeil
700 10 - ADDED ENTRY--PERSONAL NAME
Personal name Nguyen, Thuy Huyen
Relator term author
700 10 - ADDED ENTRY--PERSONAL NAME
Personal name Egreteau, Joëlle
Relator term author
700 10 - ADDED ENTRY--PERSONAL NAME
Personal name Christian, Sire
Relator term author
786 0# - DATA SOURCE ENTRY
Note Hegel | 3 | 3 | 2019-07-01 | p. 218-226 | 2269-0530
856 41 - ELECTRONIC LOCATION AND ACCESS
Uniform Resource Identifier <a href="https://stm.cairn.info/revue-hegel-2019-3-page-218?lang=fr&redirect-ssocas=7080">https://stm.cairn.info/revue-hegel-2019-3-page-218?lang=fr&redirect-ssocas=7080</a>

Pas d'exemplaire disponible.

PLUDOC

PLUDOC est la plateforme unique et centralisée de gestion des bibliothèques physiques et numériques de Guinée administré par le CEDUST. Elle est la plus grande base de données de ressources documentaires pour les Étudiants, Enseignants chercheurs et Chercheurs de Guinée.

Adresse

627 919 101/664 919 101

25 boulevard du commerce
Kaloum, Conakry, Guinée

Réseaux sociaux

Powered by Netsen Group @ 2025